1958 1692 1795 1080 1656 1409 1783 1879 1521 1473 1086 1853 1501 1305 1303 1926 1469 1064 1645 1157 1798 1009 1112 1302 1594 1225 1161 1372 1276 1965 1257 1841 1506 1991 1050 1451 1715 1428 1348 1461 1506 1623 1764 1329 1673 1620 1182 1656 1366 1839 1796 1264 1750 1337 1424 1039 1484 1597 1657 1288 1218 1259 1369 1088 1562 1153 1216 1868 1110 1064 1003 1464 1766 1736 1987 1752 1932 1606 1926 1037 1621 1847 1608 1804 1920 1253 1972 1410 1778 1160 1170 1970 1923 1403 1270 1337 1632 1728 1898 BCNSPRNW ULIB Ver.6.0+V

เปลี่ยนเป็นภาษาไทย

Change to English
 แสดงรายละเอียดบรรณานุกรม
  กลับหน้าหลัก

Brief Record : Get Marc (ISO 2709) : E-mail record : QR code < ปิดหน้าต่าง
LEADER : 00000nam 2200000uu 4500
001    13399128546
003     ULIB
008    230906s2565||||th 000 0 tha d
020    ^a9786160455591
060    ^aWM171^bช296ซ
100    ^aชไวเกอร์ อัลริช
245    ^aซึมเศร้าใครว่าไม่อันตราย รีบรักษา อย่าเพิกเฉย/^cชไวเกอร์ อัลริช
250    ^aพิมพ์ครั้งที่ 1
260    ^aกรุงเทพฯ :^bนานมีบุ๊คส์,^c2565
300    ^a208 หน้า;^b19 ซม.
650    ^aโรคซึมเศร้า
650    ^aความซึมเศร้า
650    ^aภาวะซึมเศร้า
945    ^p245^l0^i29700
945    ^p245^l0^i29701
999    ^aกัณชพร จุลอักษร
รายการนี้ยังไม่มีแท็ก
คุณยังไม่ได้ล็อกอิน คุณสามารถมีกิจกรรมร่วมกับเว็บไซต์ได้ แต่ต้องล็อกอินก่อน ::
  ล็อกอิน

รายการสื่อสารสนเทศ

ลำดับที่ ประเภท เลขเรียก/บาร์โค้ด สถานที่ สถานะ
1. หนังสือสำรอง
หนังสือสำรอง
WM171 ช296ซ ฉ.1 
  Barcode: 29700
ห้องสมุดวิทยาเขตนครสวรรค์
►หนังสือทั่วไป:l:General Books
บนชั้น
2. วิทยาศาสตร์การแพทย์ และสุขภาพ
วิทยาศาสตร์การแพทย์ และสุขภาพ
WM171 ช296ซ ฉ.2 
  Barcode: 29701
ห้องสมุดวิทยาเขตนครสวรรค์
►หนังสือทั่วไป:l:General Books
บนชั้น

รายการใกล้เคียง
    ผู้แต่ง [ชไวเกอร์ อัลริช]

    หัวเรื่อง [โรคซึมเศร้า]
    หัวเรื่อง [ความซึมเศร้า]
    หัวเรื่อง [ภาวะซึมเศร้า]

BibComment


ยังไม่เคยถูกคอมเมนท์

คอมเมนท์ทรัพยากรรายการนี้
  คอมเมนท์: ซึมเศร้าใครว่าไม..


 Copyright 2026. Bcnsprnw @Library